000 00518cam a22002052a 4500
001 009782
003 AR-FADEU
008 311216n1966####xxu####################dd
092 _a414.1
_bF527
100 _aFirth, J. R.
245 _aThe tongues of Men : Speech
260 _aLondon
260 _bOxford University
260 _c1966
300 _a211 p
440 _aLanguage and language learning
650 _a/LINGUISTICA/FONETICA; LINGUISTICA HISTORICA/REVISADO/
546 _aInglés
942 _cBDGR
999 _c15578
_d15578